| 000 | 00475nam a2200145Ia 4500 | ||
|---|---|---|---|
| 008 | 231129s1998||||xx |||||||||||||| ||spa|| | ||
| 020 | _a958-8030-10-2 | ||
| 040 | _bspa | ||
| 082 | _a611.0187 L864b | ||
| 100 | _aLopez-Jaramillo Patricio | ||
| 245 | 0 | _aBioquímica del endotelio vascular: implicaciones fisiológicas y clínicas | |
| 260 | _c1998 | ||
| 264 | _aSantiago de Cali Colombia : Universidad del Valle | ||
| 942 |
_2ddc _cBKS |
||
| 999 |
_c6218 _d6218 |
||